Η Εθνική Τράπεζα της Ελλάδος 1940-2000
Αποθηκεύτηκε σε:
| Κύριος συγγραφέας: | |
|---|---|
| Μορφή: | Βιβλίο |
| Γλώσσα: | Greek |
| Δημοσίευση: |
Αθήνα :
Εθνική Τράπεζα της Ελλάδος,
2006
|
| Θέματα: | |
| Ετικέτες: |
Προσθήκη ετικέτας
Δεν υπάρχουν, Καταχωρήστε ετικέτα πρώτοι!
|
MARC
| LEADER | 00000cam a2200000 i 4500 | ||
|---|---|---|---|
| 001 | 1/66284 | ||
| 008 | 150206s2006 gre d | ||
| 020 | |a 960-88264-3-8 | ||
| 035 | |l 10120949 | ||
| 040 | |a GR-MY-UA |b gre |e aacr | ||
| 041 | 0 | |a gre | |
| 082 | 0 | |a 332.109495 |2 (23) | |
| 100 | 1 | |a Παγουλάτος, Γιώργος. | |
| 245 | 1 | 2 | |a Η Εθνική Τράπεζα της Ελλάδος 1940-2000 / |c Γιώργος Παγουλάτος |
| 260 | |a Αθήνα : |b Εθνική Τράπεζα της Ελλάδος, |c 2006 | ||
| 300 | |a 516 σ.; |c 24 εκ.+ |e 1 οπτικός δίσκος λέιζερ (4 3/4 ίν.) | ||
| 500 | |a Ιστορικό Αρχείο της Εθνικής Τράπεζας της Ελλάδος - Προγραμμα ερευνών ιστορικού αρχείου | ||
| 500 | |a Περιέχει σε οπτικό δίσκο το Παράρτημα της Εθνικής Τράπεζας της Ελλάδος: 1940-2000 | ||
| 650 | 0 | 0 | |a Banks and banking |z Greece |x History. |
| 852 | |a INST |b LESVOS |e 20150206 |h 332.109495 ΠΑΓ |p 005100056102 |q 005100056102 |t BK |y 0 | ||
| 852 | |a INST |b LESVOS |e 20150206 |h 332.109495 ΠΑΓ |p 005100056101 |q 005100056101 |t BK |y 0 | ||
| 901 | |a BIBL1-2015-1 | ||
| 909 | |a Λ |b 191720 | ||
| 970 | |a ΤΖΑΦΕΡΗ |b ΕΥΑΓΓΕΛΙΑ |z 2015/02/06 | ||